[Event "AUTO-OPEN-4443"]
[Site "http://www.queenalice.com/game.php?id=1821992"]
[Date "2023.9.29"]
[Round "2"]
[White "Pipo712"]
[Black "dylkink93"]
[Result "0-1"]
[WhiteElo "2143"]
[BlackElo "2259"]

1. e4 d5 2. exd5 Nf6 3. Nc3 Nxd5 4. Bc4 Nxc3 5. bxc3 e5 6. Nf3 Bd6 7. O-O O-O 8.
d3 Bg4 9. h3 Bh5 10. g4 Bg6 11. Re1 Re8 12. Bg5 Qd7 13. Nh4 Qc6 14. Nxg6 hxg6
15. Qe2 Nd7 16. a4 Nb6 17. Bb5 Qxc3 18. Bxe8 Rxe8 19. Qd2 Bb4 20. Red1 Qd4 21.
Qe2 Nd5 22. Be3 Nc3 23. Qf3 Qd6 24. Rf1 b6 25. Bd2 Nd5 26. Bxb4 Nxb4 27. Qe2 Qc6
28. c4 Qd6 29. Rad1 Rd8 30. Rd2 Nc6 31. Qe4 g5 32. Re1 Nd4 33. Kg2 f6 34. Rh1
Qb4 35. Ra2 Qb3 36. Raa1 Ne6 37. h4 Nf4+ 38. Kg1 Qb2 39. Re1 Nxd3 40. Re2 Qc1+
41. Kh2 Qf4+ 42. Qxf4 Nxf4 43. Rc2 gxh4 44. c5 Ne6 45. cxb6 cxb6 46. Kh3 Kf7 47.
Rhc1 Rd3+ 48. Kxh4 g5+ 0-1

[Event "AUTO-OPEN-4483"]
[Site "http://www.queenalice.com/game.php?id=1824161"]
[Date "2023.10.29"]
[Round "1"]
[White "Tinelloski"]
[Black "dylkink93"]
[Result "1-0"]
[WhiteElo "1949"]
[BlackElo "2272"]

1. d4 Nf6 2. Bf4 g6 3. e3 Bg7 4. h3 O-O 5. Nf3 d6 6. Bc4 c5 7. c3 d5 8. Be2 c4
9. b3 b5 10. a4 Bd7 11. axb5 Bxb5 12. Na3 Qa5 13. O-O Ne4 14. Nxb5 Qxb5 15. bxc4
dxc4 16. Qc2 Nd6 17. Rfb1 Qd5 18. Ne5 Nc6 19. Bf3 1-0

[Event "AUTO-OPEN-4483"]
[Site "http://www.queenalice.com/game.php?id=1824162"]
[Date "2023.10.29"]
[Round "1"]
[White "dylkink93"]
[Black "Tinelloski"]
[Result "0-1"]
[WhiteElo "2281"]
[BlackElo "2052"]

1. e4 c6 2. Nc3 d5 3. Qf3 d4 4. Bc4 e6 5. Nce2 b5 6. Bb3 Bb7 7. d3 c5 8. a4 a6
9. Qg3 c4 10. dxc4 Bxe4 11. axb5 axb5 12. Rxa8 Bxa8 13. cxb5 Nf6 14. Nxd4 Bd6
15. f4 O-O 16. Ngf3 Bxf3 17. Nxf3 Ne4 18. Qh4 Qa5+ 19. c3 Nxc3 20. Bd2 Qa1+ 21.
Kf2 Qxh1 22. Bxc3 Qb1 23. Nd4 Bc5 24. Qh5 Nd7 25. g3 Qe4 26. Qd1 e5 0-1

[Event "AUTO-OPEN-4483"]
[Site "http://www.queenalice.com/game.php?id=1824209"]
[Date "2023.10.29"]
[Round "1"]
[White "dylkink93"]
[Black "Capixabba789"]
[Result "1-0"]
[WhiteElo "2271"]
[BlackElo "1792"]

1. e4 e5 2. Nf3 d6 3. d4 Bg4 4. dxe5 Bxf3 5. Qxf3 dxe5 6. Bc4 Nf6 7. Bg5 Be7 8.
O-O Nbd7 9. Nc3 O-O 10. Rad1 a6 11. a4 Qc8 12. Rd3 c5 13. Rfd1 b6 14. Rxd7 Re8
15. R7d2 Ra7 16. Bxf6 Bxf6 17. Nd5 Qc6 18. Nxf6+ Qxf6 19. Qxf6 gxf6 20. Rd6 1-0

[Event "AUTO-OPEN-4483"]
[Site "http://www.queenalice.com/game.php?id=1824210"]
[Date "2023.10.29"]
[Round "1"]
[White "Capixabba789"]
[Black "dylkink93"]
[Result "0-1"]
[WhiteElo "1753"]
[BlackElo "2270"]

1. e4 d5 2. exd5 Nf6 3. c4 c6 4. dxc6 Nxc6 5. Nf3 e5 6. d3 e4 7. Qe2 Bf5 8. Ng5
Nd4 9. Qd1 Bb4+ 10. Nc3 Qa5 11. Bd2 exd3 12. Qa4+ Qxa4 0-1

[Event "AUTO-MASTER-3165"]
[Site "http://www.queenalice.com/game.php?id=1826180"]
[Date "2023.11.28"]
[Round "2"]
[White "suenteus_po_147"]
[Black "dylkink93"]
[Result "0-1"]
[WhiteElo "2135"]
[BlackElo "2317"]

1. e4 d5 2. exd5 Nf6 3. Bb5+ Bd7 4. Be2 Nxd5 5. d4 e6 6. Nf3 c5 7. c4 Nf6 8. d5
exd5 9. cxd5 Bd6 10. Nc3 h6 11. O-O O-O 12. Re1 a6 13. a4 Qc7 14. Be3 Ng4 15. h3
Nxe3 16. fxe3 Re8 17. Bd3 c4 18. Bf1 Bg3 19. Re2 Bf5 20. e4 Bg6 21. Qd4 Nd7 22.
Rd1 Bd6 23. Kh1 Ne5 24. Nxe5 Rxe5 25. Ree1 Rc8 26. Rc1 Rg5 27. Nd1 b5 28. axb5
axb5 29. b3 Bc5 30. Qc3 Rg3 31. Qc2 Qe5 32. bxc4 Bd6 0-1

[Event "AUTO-MASTER-3165"]
[Site "http://www.queenalice.com/game.php?id=1826181"]
[Date "2023.11.28"]
[Round "2"]
[White "dylkink93"]
[Black "suenteus_po_147"]
[Result "1-0"]
[WhiteElo "2330"]
[BlackElo "2120"]

1. e4 e5 2. Nf3 Nc6 3. Bb5 a6 4. Ba4 Nf6 5. O-O Be7 6. Re1 O-O 7. c3 d6 8. d4
Bd7 9. Bg5 h6 10. Bh4 b5 11. Bc2 exd4 12. cxd4 Nb4 13. a3 Nxc2 14. Qxc2 c5 15.
e5 dxe5 16. dxe5 Nh7 17. Bxe7 Qxe7 18. Nc3 Bc6 19. Ne4 Rac8 20. Rad1 Rfe8 21.
Nd6 Bxf3 22. gxf3 Qg5+ 23. Kh1 Red8 24. Nxc8 Rxc8 25. Qe4 Nf8 26. f4 Qe7 27. f5
g6 28. fxg6 fxg6 29. Rd6 Kg7 30. Red1 a5 31. Qg4 Rc7 32. f4 Qf7 33. Rf6 Qc4 34.
Qg2 Rf7 35. Rdd6 Rxf6 36. exf6+ Kf7 37. Qb7+ 1-0

[Event "AUTO-ADV-4698"]
[Site "http://www.queenalice.com/game.php?id=1835357"]
[Date "2024.4.20"]
[Round "2"]
[White "maurice916"]
[Black "dylkink93"]
[Result "0-1"]
[WhiteElo "1897"]
[BlackElo "2316"]

1. Nf3 d5 2. e3 Bg4 3. b3 e5 4. Be2 e4 5. Nd4 Bxe2 6. Nxe2 Qf6 7. c3 Nd7 8. d4
exd3 9. Qxd3 Nc5 10. Qc2 O-O-O 11. Bb2 Bd6 12. c4 Qxb2 13. Qxb2 Nd3+ 0-1

[Event "AUTO-ADV-4698"]
[Site "http://www.queenalice.com/game.php?id=1835358"]
[Date "2024.4.20"]
[Round "2"]
[White "dylkink93"]
[Black "maurice916"]
[Result "1-0"]
[WhiteElo "2329"]
[BlackElo "1813"]

1. e4 c6 2. Nc3 d5 3. Qf3 e5 4. exd5 cxd5 5. Qxd5 Nc6 6. Qxd8+ Kxd8 7. Bc4 f6 8.
Nge2 Bf5 9. d3 Bc5 10. Na4 Bd6 11. Be3 Nge7 12. O-O-O Kc7 13. Ng3 Bg6 14. Ne4
Bxe4 15. dxe4 a6 16. Bb6+ Kd7 17. Nc5+ Ke8 18. Rxd6 Nd4 19. Rd1 Nec6 20. c3 Rc8
21. cxd4 Nxd4 22. Kb1 Ke7 23. Rd7+ Ke8 24. Bf7+ Kf8 25. R1xd4 g6 26. Ne6# 1-0

[Event "AUTO-ADV-4698"]
[Site "http://www.queenalice.com/game.php?id=1835361"]
[Date "2024.4.20"]
[Round "2"]
[White "dylkink93"]
[Black "Takeda"]
[Result "1-0"]
[WhiteElo "2324"]
[BlackElo "2021"]

1. e4 g6 2. d4 Bg7 3. Nf3 d6 4. Bc4 Nf6 5. Qe2 O-O 6. e5 dxe5 7. dxe5 Nd5 8. h3
Nc6 9. O-O Bf5 10. Rd1 Be6 11. Bb3 Na5 12. c4 Nxb3 13. axb3 c6 14. cxd5 Bxd5 15.
Nc3 Bxb3 16. Rxd8 1-0

[Event "AUTO-ADV-4698"]
[Site "http://www.queenalice.com/game.php?id=1835362"]
[Date "2024.4.20"]
[Round "2"]
[White "Takeda"]
[Black "dylkink93"]
[Result "0-1"]
[WhiteElo "2006"]
[BlackElo "2327"]

1. e4 d5 2. exd5 Nf6 3. c4 c6 4. dxc6 Nxc6 5. Nf3 e5 6. d3 e4 7. dxe4 Qxd1+ 8.
Kxd1 Nxe4 9. Be3 Bf5 10. Nc3 Nxc3+ 11. bxc3 Ba3 12. Nd4 Nxd4 13. Bxd4 Bb2 14. h3
Bxa1 15. g4 Be4 16. Rh2 O-O-O 17. Kc1 Rhe8 18. Bg2 Bxg2 19. Rxg2 Re1+ 20. Kc2
Re2+ 21. Kb3 Rb2+ 22. Ka3 Rd6 0-1